| 000 | 00710nam a2200217Ia 4500 | ||
|---|---|---|---|
| 005 | 20260129115553.0 | ||
| 008 | 210716s2011 xx 000 0 und d | ||
| 020 | _a9788180545511 | ||
| 040 | _cAIMIT LIBRARY | ||
| 041 | _aeng | ||
| 082 |
_a658.1511 _bMAHS |
||
| 100 |
_aMaheshwari, S N. _9253030 |
||
| 245 |
_aCost and management accounting / _cBy S.N. Maheshwari. |
||
| 250 | _a1st ed. | ||
| 260 |
_aNew Delhi : _bSultan chand & sons , _c2011. |
||
| 300 |
_axxvi,49,265,281,509,192 p.; _bPB _c25.3 cm. |
||
| 650 |
_aMarginal costing and profit planning _9253031 |
||
| 650 |
_aLabour remuneration _9253032 |
||
| 650 |
_aFixed asset and depreciation accounting _9253033 |
||
| 942 |
_2ddc _cBK _k658.1511 MAHS |
||
| 999 |
_c192926 _d192926 |
||